[Event "Kandidatklassen 2002"]
[Site "Greve"]
[Date "2002.03.29"]
[Round "4"]
[White "Bromann, Thorbjorn"]
[Black "Hvenekilde, Jorgen"]
[Result "1/2-1/2"]
[WhiteElo "2344"]
[BlackElo "2260"]
[PlyCount "39"]
[EventDate "2002.??.??"]

1. d4 d5 2. Nc3 Bf5 3. Bg5 f6 4. Bh4 e6 5. e3 Bb4 6. Bd3 Ne7 7. f3 Bxd3 8. Qxd3
Nf5 9. Bf2 c6 10. Nge2 O-O 11. O-O Na6 12. e4 Nd6 13. Nd1 Ba5 14. a3 Qd7 15. b3
Bb6 16. Ne3 dxe4 17. fxe4 f5 18. exf5 exf5 19. Bg3 Ne4 20. Be5 1/2-1/2

[Event "Kandidatklassen 2002"]
[Site "Greve"]
[Date "2002.03.29"]
[Round "4"]
[White "Rasmussen, Allan Stig"]
[Black "Borbjerggaard, Lars"]
[Result "1/2-1/2"]
[WhiteElo "2311"]
[BlackElo "2368"]
[PlyCount "86"]
[EventDate "2002.??.??"]

1. e4 g6 2. d4 Bg7 3. Nc3 c6 4. Be3 Qb6 5. Qd2 Qxb2 6. Rb1 Qa3 7. Bc4 d6 8.
Nge2 Nf6 9. f3 Qa5 10. g4 e5 11. h4 h5 12. g5 Nfd7 13. a4 exd4 14. Nxd4 Ne5 15.
Be2 a6 16. Kf1 Qc7 17. Kg2 O-O 18. a5 Qxa5 19. f4 Ng4 20. Bxg4 Bxg4 21. Rxb7 c5
22. Nde2 Bxe2 23. Nxe2 Qxd2 24. Bxd2 Nc6 25. f5 Be5 26. Nf4 Rab8 27. Rhb1 Rxb7
28. Rxb7 Rb8 29. Rc7 Rb2 30. fxg6 fxg6 31. Nxg6 Rxc2 32. Rxc6 Rxd2+ 33. Kf3 Bb2
34. Nf4 a5 35. g6 Bd4 36. Ne6 Rf2+ 37. Kg3 Rf8 38. Nxf8 Kxf8 39. Rc7 a4 40. Ra7
a3 41. Rxa3 Kg7 42. Ra7+ Kxg6 43. Rd7 Kf6 1/2-1/2

[Event "Kandidatklassen 2002"]
[Site "Greve"]
[Date "2002.03.29"]
[Round "4"]
[White "Palo, Davor"]
[Black "Olsson, Linus"]
[Result "1-0"]
[WhiteElo "2337"]
[BlackElo "2252"]
[PlyCount "119"]
[EventDate "2002.??.??"]

1. d4 Nf6 2. c4 c5 3. d5 e6 4. Nc3 exd5 5. cxd5 d6 6. e4 g6 7. h3 Bg7 8. Nf3
O-O 9. Bd3 Nh5 10. O-O Nd7 11. Bg5 Bf6 12. Bh6 Bg7 13. Bg5 Bf6 14. Be3 Re8 15.
Qd2 a6 16. a4 b6 17. Rac1 Ra7 18. Ne2 a5 19. Nc3 Ne5 20. Be2 Nxf3+ 21. Bxf3 Bg7
22. Bxh5 gxh5 23. Bh6 f5 24. Nb5 Rf7 25. Bg5 Bf6 26. Bxf6 Rxf6 27. exf5 Bxf5
28. Rfe1 Ref8 29. Rc3 Rg6 30. Rg3 Qf6 31. Ree3 h4 32. Rxg6+ Qxg6 33. Qe2 Kh8
34. b3 Rf7 35. Re8+ Kg7 36. Qb2+ Qf6 37. Qxf6+ Rxf6 38. Rb8 Rg6 39. Kh2 Be4 40.
f3 Bxd5 41. Rxb6 Bxb3 42. Nxd6 Bxa4 43. Rb7+ Kh6 44. Nf7+ Kh5 45. Ra7 Bb3 46.
Ne5 a4 47. Nxg6 Kxg6 48. Ra6+ Kf7 49. Kg1 Ke7 50. Kf2 Kd7 51. Ke3 Kc7 52. Kd2
Kb7 53. Ra5 Kb6 54. Ra8 Kb7 55. Re8 a3 56. Kc3 a2 57. Kb2 Kc6 58. f4 c4 59. Re1
Kd5 60. f5 1-0

[Event "Kandidatklassen 2002"]
[Site "Greve"]
[Date "2002.03.29"]
[Round "4"]
[White "Pedersen, Christian Kyndel"]
[Black "Rasmussen, Casper Dahl"]
[Result "1-0"]
[WhiteElo "2253"]
[BlackElo "2315"]
[PlyCount "87"]
[EventDate "2002.??.??"]

1. c4 c5 2. Nf3 g6 3. d4 cxd4 4. Nxd4 Bg7 5. e4 Nc6 6. Be3 Nf6 7. Nc3 d6 8. f3
O-O 9. Be2 Bd7 10. Nb3 Be6 11. Rc1 Nd7 12. O-O Na5 13. Nd2 Rc8 14. b3 a6 15.
Nd5 Nc6 16. Nb1 f5 17. Nbc3 Nf6 18. exf5 gxf5 19. Nxf6+ Bxf6 20. Nd5 Bg7 21.
Qd2 Qe8 22. f4 Qf7 23. Bf3 Kh8 24. b4 Nb8 25. Qe2 Bxd5 26. Bxd5 e6 27. Bf3 e5
28. Bd5 Qe7 29. fxe5 Bxe5 30. Qd2 Nc6 31. b5 Nd8 32. Bh6 Bg7 33. Rce1 Qf6 34.
Bg5 Qd4+ 35. Qxd4 Bxd4+ 36. Kh1 Be5 37. Be7 Rg8 38. Rxe5 dxe5 39. Bf6+ Rg7 40.
Rxf5 axb5 41. Rxe5 Nc6 42. Rg5 Rcc7 43. Rxg7 Rxg7 44. cxb5 1-0

[Event "Kandidatklassen 2002"]
[Site "Greve"]
[Date "2002.03.29"]
[Round "4"]
[White "Helledie, Anders"]
[Black "Bekker Jensen, David"]
[Result "0-1"]
[WhiteElo "2196"]
[BlackElo "2308"]
[PlyCount "72"]
[EventDate "2002.??.??"]

1. e4 c5 2. Nc3 Nc6 3. g3 g6 4. Bg2 Bg7 5. d3 d6 6. Be3 Rb8 7. Qd2 b5 8. Nge2
Nd4 9. O-O b4 10. Nd1 e6 11. Nc1 Qa5 12. Bf4 Qc7 13. c3 bxc3 14. bxc3 Nc6 15.
Ne3 Qa5 16. Nc4 Qxc3 17. Nxd6+ Kf8 18. Qxc3 Bxc3 19. Nxc8 e5 20. Be3 Nd4 21.
Nxa7 Bxa1 22. Nb3 Nxb3 23. axb3 Bd4 24. Bxd4 exd4 25. Rc1 Rxb3 26. Rxc5 Rxd3
27. Kf1 Ne7 28. Nb5 Kg7 29. Ke2 Rb3 30. Nxd4 Rb2+ 31. Rc2 Rhb8 32. Rxb2 Rxb2+
33. Ke3 Ra2 34. e5 Nc8 35. Bd5 Ra5 36. Ke4 Nb6 0-1

[Event "Kandidatklassen 2002"]
[Site "Greve"]
[Date "2002.03.29"]
[Round "4"]
[White "Nielsen, Anders Bodholt"]
[Black "Lund, Silas"]
[Result "0-1"]
[WhiteElo "2209"]
[BlackElo "2333"]
[PlyCount "94"]
[EventDate "2002.??.??"]

1. b4 d5 2. Bb2 c6 3. e3 Nf6 4. Nf3 Bg4 5. Be2 e6 6. a3 Bd6 7. O-O O-O 8. d3 a5
9. bxa5 Nbd7 10. Nbd2 Rxa5 11. c4 Qa8 12. Qb3 e5 13. cxd5 Rb5 14. Qa2 cxd5 15.
h3 Bxf3 16. Nxf3 Ra5 17. Rfc1 Re8 18. Nd2 Qa7 19. d4 exd4 20. Bxd4 Bc5 21. Rxc5
Rxc5 22. Nb3 b6 23. Nxc5 bxc5 24. Bc3 Ne4 25. Be1 c4 26. Rd1 Ndf6 27. a4 h6 28.
a5 Rc8 29. Qa3 Rb8 30. Rc1 Rb3 31. Qa4 Rxe3 32. fxe3 Qxe3+ 33. Kh2 Qxc1 34. a6
Qxe1 35. a7 Qg3+ 36. Kg1 Qf2+ 37. Kh2 Qf4+ 38. Kg1 Qf2+ 39. Kh2 Qg3+ 40. Kg1
Qe3+ 41. Kh2 Qxe2 42. a8=Q+ Kh7 43. Qf8 Qf2 44. Qaa8 Nd2 45. Qh8+ Kg6 46. Qa3
Nfe4 47. Qc8 Nf1+ 0-1

[Event "Kandidatklassen 2002"]
[Site "Greve"]
[Date "2002.03.29"]
[Round "4"]
[White "Pedersen, Jan Nordenbaek"]
[Black "Vovk, Oksana"]
[Result "1-0"]
[WhiteElo "2256"]
[BlackElo "2092"]
[PlyCount "57"]
[EventDate "2002.??.??"]

1. e4 e6 2. d3 c5 3. Nf3 Nc6 4. g3 d5 5. Nbd2 Nf6 6. Bg2 Be7 7. O-O O-O 8. Re1
dxe4 9. dxe4 Qc7 10. e5 Nd7 11. Qe2 b6 12. Nf1 Bb7 13. c3 Rfd8 14. Bf4 Rac8 15.
h4 Qb8 16. N1h2 Ba8 17. Bh3 c4 18. Ng5 Nc5 19. Qh5 Bxg5 20. Bxg5 Nd3 21. Ng4
Nxe1 22. Rxe1 Rc7 23. Nf6+ gxf6 24. Bxf6 Kf8 25. Qxh7 Ke8 26. Qg8+ Kd7 27. Rd1+
Nd4 28. Rxd4+ Bd5 29. Bxd8 1-0

[Event "Kandidatklassen 2002"]
[Site "Greve"]
[Date "2002.03.29"]
[Round "4"]
[White "Pedersen, Dimon Poul"]
[Black "Kaya Mortensen, Jan T"]
[Result "0-1"]
[WhiteElo "2062"]
[BlackElo "2053"]
[PlyCount "86"]
[EventDate "2002.??.??"]

1. c4 f5 2. g3 Nf6 3. Bg2 g6 4. Nc3 Bg7 5. d3 Nc6 6. e4 d6 7. Nge2 O-O 8. O-O
Nh5 9. h3 e5 10. exf5 gxf5 11. f4 Kh8 12. Kh2 Bd7 13. Nd5 Be8 14. Be3 Ne7 15.
Nxe7 Qxe7 16. d4 e4 17. d5 Rg8 18. Bd4 Nf6 19. Rg1 Bh5 20. Bf1 Qf7 21. Qd2 Bf3
22. Bxf6 Qxf6 23. Nc3 Qd4 24. Qc2 Qxg1+ 25. Kxg1 Bd4+ 26. Kh2 Rxg3 27. Ne2 Bxe2
28. Bxe2 Rag8 29. Bg4 Rd3 30. Rd1 fxg4 31. Rxd3 exd3 32. Qxd3 g3+ 33. Kg2 Bxb2
34. Qe4 Bf6 35. Qe6 Bd4 36. f5 Be5 37. f6 Rf8 38. f7 Kg7 39. Qg4+ Kxf7 40. Qe6+
Kg7 41. Qg4+ Kh8 42. h4 c6 43. Kh3 Rg8 0-1

[Event "Kandidatklassen 2002"]
[Site "Greve"]
[Date "2002.03.29"]
[Round "4"]
[White "Rasmussen, Bo"]
[Black "Nielsen, Nicholas Roland"]
[Result "0-1"]
[WhiteElo "2159"]
[BlackElo "2080"]
[PlyCount "110"]
[EventDate "2002.??.??"]

1. d4 Nf6 2. c4 g6 3. Nc3 Bg7 4. e4 d6 5. Be2 O-O 6. Bg5 h6 7. Be3 e5 8. dxe5
dxe5 9. Qxd8 Rxd8 10. h3 Be6 11. Nf3 Nfd7 12. g4 Na6 13. Nd2 c6 14. a3 Ndc5 15.
Rc1 Nd3+ 16. Bxd3 Rxd3 17. Ke2 Rad8 18. Nd5 cxd5 19. cxd5 Rxe3+ 20. Kxe3 Bd7
21. Rc3 Bf6 22. Nf3 Re8 23. Ne1 Bg5+ 24. Ke2 Bb5+ 25. Nd3 Nb8 26. Rd1 f5 27. f3
fxe4 28. fxe4 Nd7 29. Rc7 b6 30. Kf3 Bxd3 31. Rxd3 Nc5 32. Rd1 Rf8+ 33. Kg2
Nxe4 34. Rf1 Rxf1 35. Kxf1 a5 36. Rc6 Kf7 37. Rxb6 Bd8 38. Rb7+ Kf6 39. Ke2 Nc5
40. Rb8 Bc7 41. Rc8 Bd6 42. Ra8 a4 43. Rd8 Be7 44. Rc8 e4 45. Rc6+ Ke5 46. Rxg6
Kxd5 47. Rxh6 Ne6 48. Rh5+ Bg5 49. Kd1 Kc4 50. h4 Bf4 51. Ra5 e3 52. g5 Kd3 53.
Rd5+ Nd4 54. Rxd4+ Kxd4 55. Ke2 Ke4 0-1

[Event "Kandidatklassen 2002"]
[Site "Greve"]
[Date "2002.03.30"]
[Round "5"]
[White "Hvenekilde, Jorgen"]
[Black "Palo, Davor"]
[Result "0-1"]
[WhiteElo "2260"]
[BlackElo "2337"]
[PlyCount "64"]
[EventDate "2002.??.??"]

1. d4 Nf6 2. c4 e6 3. Nc3 d5 4. Nf3 c6 5. e3 Nbd7 6. Bd3 dxc4 7. Bxc4 b5 8. Bd3
Bb7 9. O-O b4 10. Ne2 c5 11. Ng3 Be7 12. dxc5 O-O 13. c6 Bxc6 14. Nd4 Bb7 15.
Re1 Qb6 16. Nh5 Rfd8 17. f4 Bc5 18. Nb3 Qc6 19. Bf1 Bb6 20. Bd2 a5 21. a3 Nxh5
22. Qxh5 Nf6 23. Qb5 Ne4 24. Qxc6 Bxc6 25. Bc1 Ba4 26. Nd4 Rxd4 27. exd4 Bxd4+
28. Be3 Bxb2 29. axb4 Bxa1 30. Rxa1 axb4 31. Bb5 Nc3 32. Bxa4 Rxa4 0-1

[Event "Kandidatklassen 2002"]
[Site "Greve"]
[Date "2002.03.30"]
[Round "5"]
[White "Pedersen, Christian Kyndel"]
[Black "Bromann, Thorbjorn"]
[Result "1/2-1/2"]
[WhiteElo "2253"]
[BlackElo "2344"]
[PlyCount "30"]
[EventDate "2002.??.??"]

1. d4 d5 2. Nf3 Nc6 3. g3 Bg4 4. Bg2 Qd7 5. h3 Bh5 6. O-O O-O-O 7. c4 e6 8. Qa4
Kb8 9. cxd5 exd5 10. Nc3 f6 11. Bd2 Nge7 12. Rac1 Nc8 13. e3 Bf7 14. Qb3 Nd6
15. Rfd1 Na5 1/2-1/2

[Event "Kandidatklassen 2002"]
[Site "Greve"]
[Date "2002.03.30"]
[Round "5"]
[White "Borbjerggaard, Lars"]
[Black "Lund, Silas"]
[Result "1-0"]
[WhiteElo "2368"]
[BlackElo "2333"]
[PlyCount "123"]
[EventDate "2002.??.??"]

1. d4 e6 2. Nf3 d5 3. Bf4 Bd6 4. Bg3 Nf6 5. e3 Nbd7 6. Nbd2 Bxg3 7. hxg3 c5 8.
c3 Qc7 9. Qa4 O-O 10. dxc5 Nxc5 11. Qf4 Qxf4 12. gxf4 Bd7 13. Ne5 Rfd8 14. g4
Nfe4 15. Nxe4 Nxe4 16. Bd3 h6 17. g5 hxg5 18. Bxe4 dxe4 19. O-O-O Be8 20. fxg5
f6 21. gxf6 Rxd1+ 22. Rxd1 gxf6 23. Nd7 Kf7 24. Nc5 Bc6 25. Nxb7 Ke7 26. Rh1 f5
27. Rh7+ Kf6 28. Na5 Be8 29. c4 Bf7 30. c5 e5 31. a3 f4 32. b4 Rg8 33. c6 a6
34. Nb7 Kg6 35. Rxf7 Kxf7 36. c7 Ke6 37. Nc5+ Kd5 38. Nxa6 Kc4 39. a4 Kc3 40.
Kb1 Kb3 41. Nc5+ Kxb4 42. Nxe4 fxe3 43. fxe3 Rc8 44. Nf6 Kc5 45. Kc2 Rxc7 46.
Kd3 Rf7 47. Ne4+ Kd5 48. Nc3+ Ke6 49. Kc4 Kd6 50. a5 Rc7+ 51. Kb4 Kc6 52. Kc4
Ra7 53. Kb4 Rh7 54. Kc4 Rh4+ 55. e4 Rh2 56. Nd5 Rc2+ 57. Kd3 Rc5 58. a6 Rc1 59.
Ne3 Rc5 60. Nc4 Kc7 61. Kc3 Rb5 62. a7 1-0

[Event "Kandidatklassen 2002"]
[Site "Greve"]
[Date "2002.03.30"]
[Round "5"]
[White "Rasmussen, Casper Dahl"]
[Black "Pedersen, Jan Nordenbaek"]
[Result "1/2-1/2"]
[WhiteElo "2315"]
[BlackElo "2256"]
[PlyCount "46"]
[EventDate "2002.??.??"]

1. c4 c5 2. g3 Nf6 3. Bg2 Nc6 4. Nc3 g6 5. a3 Bg7 6. Rb1 O-O 7. b4 d6 8. b5 Nd4
9. e3 Nf5 10. Nge2 e5 11. O-O Re8 12. d3 Re7 13. a4 Be6 14. Bd2 h5 15. h3 Qd7
16. Kh2 Rf8 17. Ng1 Nh6 18. Bd5 Bxd5 19. cxd5 e4 20. dxe4 Nxe4 21. Nxe4 Rxe4
22. f3 Ree8 23. e4 f5 1/2-1/2

[Event "Kandidatklassen 2002"]
[Site "Greve"]
[Date "2002.03.30"]
[Round "5"]
[White "Olsson, Linus"]
[Black "Helledie, Anders"]
[Result "0-1"]
[WhiteElo "2252"]
[BlackElo "2196"]
[PlyCount "62"]
[EventDate "2002.??.??"]

1. d4 Nf6 2. c4 g6 3. Nc3 Bg7 4. e4 O-O 5. Nf3 d6 6. Be2 e5 7. O-O Nc6 8. d5
Ne7 9. Ne1 Nd7 10. Be3 f5 11. f3 Nf6 12. c5 f4 13. Bf2 g5 14. cxd6 cxd6 15. a4
Ng6 16. Kh1 h5 17. Nb5 g4 18. Nxa7 g3 19. Bg1 Bd7 20. Bb5 h4 21. Bxd7 Qxd7 22.
Nb5 h3 23. Rc1 Rac8 24. Rxc8 Rxc8 25. gxh3 Qxh3 26. Ng2 Nh5 27. Nxd6 Nh4 28.
Qd2 gxh2 29. Bxh2 Ng3+ 30. Kg1 Nxf1 31. Kxf1 Nxf3 0-1

[Event "Kandidatklassen 2002"]
[Site "Greve"]
[Date "2002.03.30"]
[Round "5"]
[White "Nielsen, Nicholas Roland"]
[Black "Kaya Mortensen, Jan T"]
[Result "0-1"]
[WhiteElo "2080"]
[BlackElo "2053"]
[PlyCount "102"]
[EventDate "2002.??.??"]

1. e4 e6 2. d4 d5 3. e5 c5 4. c3 Nc6 5. Nf3 Nge7 6. Na3 cxd4 7. cxd4 Nf5 8. Nc2
Bd7 9. Bd3 Bb4+ 10. Bd2 a5 11. O-O Nfe7 12. Be3 a4 13. Ng5 h6 14. Qh5 g6 15.
Qh3 Nf5 16. Nf3 Qb6 17. Rab1 Bf8 18. Nh4 Nb4 19. Nxb4 Bxb4 20. g4 Ne7 21. f4 h5
22. Nf3 O-O-O 23. a3 hxg4 24. Qxg4 Nf5 25. Bf2 Be7 26. Bc2 Kb8 27. b3 Qa6 28.
bxa4 Qe2 29. Bxf5 gxf5 30. Qg2 Bxa4 31. Be1 Rdg8 32. Bg3 Qa6 33. Qb2 Rc8 34.
Rf2 Rc7 35. Ne1 Rhc8 36. h4 Bc6 37. Rf3 Rh8 38. Ng2 Rcc8 39. Be1 Rcg8 40. Rb3
Qa7 41. Qc3 Qa6 42. R1b2 Bxh4 43. Bxh4 Rxh4 44. Rb6 Qa4 45. Qxc6 Qd1+ 46. Kf2
Rxg2+ 47. Kxg2 Qg4+ 48. Kf1 Qf3+ 49. Ke1 Rh1+ 50. Kd2 Rh2+ 51. Ke1 Qh1# 0-1

[Event "Kandidatklassen 2002"]
[Site "Greve"]
[Date "2002.03.30"]
[Round "5"]
[White "Vovk, Oksana"]
[Black "Pedersen, Dimon Poul"]
[Result "1-0"]
[WhiteElo "2092"]
[BlackElo "2062"]
[PlyCount "83"]
[EventDate "2002.??.??"]

1. d4 Nf6 2. Nf3 g6 3. c4 Bg7 4. Nc3 d5 5. cxd5 Nxd5 6. e3 O-O 7. Bc4 Nxc3 8.
bxc3 c5 9. O-O Nc6 10. Qe2 Bf5 11. Ba3 cxd4 12. cxd4 Qa5 13. Bb2 Rac8 14. Rac1
Be4 15. Nd2 Bd5 16. Bc3 Bxc4 17. Qxc4 Qd8 18. Qb3 Qd7 19. Rfd1 e6 20. Ne4 Qe7
21. Bb2 Rfd8 22. Ba3 Qc7 23. Nc5 b6 24. Nxe6 fxe6 25. Qxe6+ Qf7 26. Rxc6 Rxc6
27. Qxc6 Qxa2 28. Be7 Qd5 29. Qxd5+ Rxd5 30. Kf1 Kf7 31. Ba3 a5 32. Rb1 b5 33.
Bc5 b4 34. Ke2 Ke6 35. Kd3 Rg5 36. g3 Rh5 37. h4 Rf5 38. f4 Bf8 39. e4 Rf7 40.
d5+ Kf6 41. Bd4+ Ke7 42. Ra1 1-0

[Event "Kandidatklassen 2002"]
[Site "Greve"]
[Date "2002.03.30"]
[Round "5"]
[White "Rasmussen, Bo"]
[Black "Nielsen, Anders Bodholt"]
[Result "1/2-1/2"]
[WhiteElo "2159"]
[BlackElo "2209"]
[PlyCount "67"]
[EventDate "2002.??.??"]

1. d4 Nf6 2. c4 e6 3. g3 Bb4+ 4. Bd2 Qe7 5. Bg2 O-O 6. Nc3 d6 7. e4 e5 8. d5
Nbd7 9. Nge2 a5 10. a3 Bxc3 11. Nxc3 Nc5 12. Be3 Bd7 13. Bxc5 dxc5 14. a4 Ne8
15. O-O Nd6 16. Qe2 Rae8 17. Rae1 Qf6 18. b3 b6 19. Qh5 g6 20. Qh6 Qg7 21.
Qxg7+ Kxg7 22. h4 Re7 23. Kh2 f5 24. f3 fxe4 25. fxe4 Ref7 26. Rxf7+ Rxf7 27.
Rf1 g5 28. Rxf7+ Kxf7 29. Bh3 g4 30. Bf1 Ke7 31. Kg2 Be8 32. Kf2 Bg6 33. Ke3 h5
34. Bd3 1/2-1/2

[Event "Kandidatklassen 2002"]
[Site "Greve"]
[Date "2002.03.31"]
[Round "6"]
[White "Palo, Davor"]
[Black "Borbjerggaard, Lars"]
[Result "1-0"]
[WhiteElo "2337"]
[BlackElo "2368"]
[PlyCount "73"]
[EventDate "2002.??.??"]

1. d4 Nf6 2. c4 g6 3. Nc3 Bg7 4. Nf3 O-O 5. e4 d6 6. Be2 Na6 7. O-O e5 8. Be3
c6 9. Rb1 Qe7 10. d5 c5 11. Nd2 Ne8 12. a3 f5 13. f3 f4 14. Bf2 g5 15. b4 b6
16. bxc5 bxc5 17. Qa4 Nb8 18. Nb3 Bd7 19. Qa5 h5 20. Nxc5 dxc5 21. Bxc5 Qf6 22.
Bxf8 Bxf8 23. c5 g4 24. Rfc1 Qg5 25. Rc2 h4 26. Kh1 h3 27. gxh3 g3 28. Bf1 Qh5
29. Bg2 Bxh3 30. Bxh3 Qxh3 31. Qd8 Qh5 32. Rg2 Qxf3 33. Qxe8 Qxc3 34. hxg3 f3
35. Rh2 Qxc5 36. Qe6+ Kg7 37. Rb7+ 1-0

[Event "Kandidatklassen 2002"]
[Site "Greve"]
[Date "2002.03.31"]
[Round "6"]
[White "Rasmussen, Allan Stig"]
[Black "Pedersen, Christian Kyndel"]
[Result "1-0"]
[WhiteElo "2311"]
[BlackElo "2253"]
[PlyCount "147"]
[EventDate "2002.??.??"]

1. e4 e6 2. d4 d5 3. Nd2 Nc6 4. c3 e5 5. exd5 Qxd5 6. Ngf3 exd4 7. Bc4 Qh5 8.
cxd4 Be6 9. Bxe6 fxe6 10. Qb3 O-O-O 11. O-O Nf6 12. h3 Bd6 13. Re1 Nd5 14. Ne4
h6 15. Bd2 Rhf8 16. Nxd6+ Rxd6 17. Re4 Qf5 18. Rae1 Nce7 19. Re5 Qf6 20. Qd3
Ng6 21. Qe4 Ngf4 22. Bxf4 Nxf4 23. Re3 Rb6 24. b3 Rd8 25. Ra5 Kb8 26. Rc5 Nd5
27. Re2 a6 28. Rc4 Rbd6 29. Rec2 c6 30. Rc5 Qf5 31. Re2 Qxe4 32. Rxe4 Kc7 33.
Rc2 a5 34. h4 a4 35. Rg4 Rg8 36. Ne5 Nf6 37. Rf4 Rd5 38. g4 Rf8 39. Rc4 axb3
40. axb3 Nd7 41. Ng6 Rf6 42. h5 Rg5 43. Re4 Rf3 44. Kg2 Rxb3 45. f3 Nf6 46.
Rxe6 Nxh5 47. d5 Rb2+ 48. Kh3 Rxd5 49. gxh5 Rxh5+ 50. Kg3 Rg5+ 51. Rg4 Rxg4+
52. fxg4 Rd2 53. Ne5 Re2 54. Kf4 Rf2+ 55. Ke4 Re2+ 56. Kf5 c5 57. Re7+ Kc8 58.
Rxg7 b5 59. Rg6 Kb7 60. Rxh6 c4 61. Rh3 Rg2 62. Rc3 Kc7 63. Nxc4 bxc4 64. Rxc4+
Kd7 65. Re4 Rf2+ 66. Kg6 Kd6 67. g5 Rg2 68. Kf6 Rf2+ 69. Kg7 Rg2 70. g6 Rg1 71.
Kf7 Rf1+ 72. Kg8 Rg1 73. g7 Kd7 74. Rh4 1-0

[Event "Kandidatklassen 2002"]
[Site "Greve"]
[Date "2002.03.31"]
[Round "6"]
[White "Bromann, Thorbjorn"]
[Black "Bekker Jensen, David"]
[Result "1/2-1/2"]
[WhiteElo "2344"]
[BlackElo "2308"]
[PlyCount "66"]
[EventDate "2002.??.??"]

1. d4 Nf6 2. Nc3 d5 3. Bg5 Nbd7 4. Nf3 g6 5. h4 c6 6. Qd2 Ne4 7. Nxe4 dxe4 8.
Ng1 h6 9. Bf4 Bg7 10. f3 Qb6 11. O-O-O e5 12. Be3 exd4 13. Bxd4 Bxd4 14. Qxd4
Qxd4 15. Rxd4 Nf6 16. g4 Be6 17. Nh3 c5 18. Rd1 Nd5 19. Nf2 Ne3 20. Re1 Nxf1
21. Rhxf1 exf3 22. exf3 O-O-O 23. Ne4 b6 24. Nc3 Rd4 25. Ne2 Rd6 26. Nf4 Bc4
27. Rf2 Rd4 28. Ng2 Rhd8 29. b3 Bd5 30. Rfe2 Rd7 31. Re8+ Rd8 32. R8e7 Rd7 33.
Re8+ Rd8 1/2-1/2

[Event "Kandidatklassen 2002"]
[Site "Greve"]
[Date "2002.03.31"]
[Round "6"]
[White "Hvenekilde, Jorgen"]
[Black "Rasmussen, Casper Dahl"]
[Result "1-0"]
[WhiteElo "2260"]
[BlackElo "2315"]
[PlyCount "79"]
[EventDate "2002.??.??"]

1. d4 d5 2. Nf3 Nf6 3. Bf4 e6 4. e3 c5 5. c3 Nc6 6. Nbd2 Be7 7. h3 O-O 8. Bd3
Bd7 9. O-O Rc8 10. Re1 cxd4 11. exd4 Na5 12. Ne5 b5 13. Re3 Nc4 14. Ndxc4 dxc4
15. Bc2 Nd5 16. Rf3 Nxf4 17. Rxf4 Be8 18. Qe2 g6 19. Re1 Bf6 20. Qf3 Bg7 21. h4
f6 22. Ng4 f5 23. Ne5 Bh6 24. Qg3 Bxf4 25. Qxf4 Qf6 26. Re3 Kh8 27. Rg3 Rg8 28.
b3 a5 29. bxc4 bxc4 30. Bd1 Bc6 31. Be2 Bd5 32. Rg5 Rg7 33. Ng4 Qe7 34. Ne5 Rc7
35. Rg3 Qf6 36. Kh2 Rc8 37. Kg1 Rcg8 38. Kh2 g5 39. hxg5 Rxg5 40. Rxg5 1-0

[Event "Kandidatklassen 2002"]
[Site "Greve"]
[Date "2002.03.31"]
[Round "6"]
[White "Lund, Silas"]
[Black "Pedersen, Jan Nordenbaek"]
[Result "1-0"]
[WhiteElo "2333"]
[BlackElo "2256"]
[PlyCount "47"]
[EventDate "2002.??.??"]

1. c4 g6 2. d4 Bg7 3. e4 d6 4. Nc3 Nf6 5. Be2 O-O 6. Bg5 h6 7. Be3 c5 8. dxc5
Qa5 9. Bd2 Qxc5 10. Nf3 Na6 11. Be3 Qa5 12. Nd2 Be6 13. O-O Rfc8 14. Rc1 h5 15.
h3 Nd7 16. f4 h4 17. Kh1 f5 18. Nb3 Qd8 19. Nd4 Bxd4 20. Qxd4 Qb6 21. Qd2 Qa5
22. exf5 gxf5 23. b3 Nac5 24. Qe1 1-0

[Event "Kandidatklassen 2002"]
[Site "Greve"]
[Date "2002.03.31"]
[Round "6"]
[White "Kaya Mortensen, Jan T"]
[Black "Helledie, Anders"]
[Result "0-1"]
[WhiteElo "2053"]
[BlackElo "2196"]
[PlyCount "98"]
[EventDate "2002.??.??"]

1. e4 e6 2. d4 d5 3. e5 c5 4. c3 Nc6 5. Nf3 Bd7 6. Na3 Rc8 7. Bd3 Qb6 8. Nc2
cxd4 9. Ncxd4 Bc5 10. Be3 Bxd4 11. Bxd4 Nxd4 12. Nxd4 Qxb2 13. O-O Qxc3 14. Bb5
a6 15. Qg4 Ne7 16. Rac1 Qxc1 17. Rxc1 Rxc1+ 18. Bf1 Rg8 19. Nb3 Rb1 20. Qd4 Bb5
21. Nd2 Nc6 22. Qc3 Re1 23. f4 Bxf1 24. Kf2 Rd1 25. Nxf1 Rd4 26. g3 g5 27. Qc2
gxf4 28. Qxh7 Ne7 29. Qb1 b5 30. Qc1 Rc4 31. Qa3 fxg3+ 32. Nxg3 Rh8 33. Qxa6
Rxh2+ 34. Kf3 Rc3+ 35. Kf4 Rf2+ 36. Kg4 Rg2 37. Qa8+ Nc8 38. Qb8 Rgxg3+ 39. Kh4
Rh3+ 40. Kg4 Rhg3+ 41. Kh4 Rge3 42. Qxb5+ Kf8 43. Qb4+ Ne7 44. Qd6 Rc4+ 45. Kh5
Rh3+ 46. Kg5 Rhh4 47. Kf6 Rcf4+ 48. Kg5 Rfg4+ 49. Kf6 Rg6# 0-1

[Event "Kandidatklassen 2002"]
[Site "Greve"]
[Date "2002.03.31"]
[Round "6"]
[White "Nielsen, Nicholas Roland"]
[Black "Vovk, Oksana"]
[Result "1/2-1/2"]
[WhiteElo "2080"]
[BlackElo "2092"]
[PlyCount "49"]
[EventDate "2002.??.??"]

1. e4 e6 2. d4 d5 3. e5 c5 4. c3 Nc6 5. Nf3 Qb6 6. a3 Bd7 7. Be2 cxd4 8. cxd4
Nh6 9. Bxh6 Qxb2 10. Nc3 Nxd4 11. Qc1 Qxa1 12. Nxd4 Qxa3 13. Ncb5 Qxc1+ 14.
Bxc1 Bxb5 15. Nxb5 Kd7 16. O-O a6 17. Nd4 Bc5 18. Nb3 Bb4 19. Be3 Rhc8 20. Rb1
b5 21. g3 Rab8 22. Ra1 Ra8 23. Rb1 Rab8 24. Ra1 Ra8 25. Rb1 1/2-1/2

[Event "Kandidatklassen 2002"]
[Site "Greve"]
[Date "2002.03.31"]
[Round "6"]
[White "Olsson, Linus"]
[Black "Rasmussen, Bo"]
[Result "1/2-1/2"]
[WhiteElo "2252"]
[BlackElo "2159"]
[PlyCount "81"]
[EventDate "2002.??.??"]

1. d4 Nf6 2. c4 e6 3. g3 d5 4. Bg2 dxc4 5. Nf3 Nbd7 6. O-O c5 7. Na3 Nb6 8.
Nxc4 cxd4 9. Nxb6 Qxb6 10. Qxd4 Bc5 11. Qh4 O-O 12. b3 Qb4 13. Qxb4 Bxb4 14.
Bb2 Rb8 15. Ne5 Nd5 16. a3 Be7 17. Rfd1 Nb6 18. Rac1 f6 19. Nc4 Nxc4 20. Rxc4
Rd8 21. Rxd8+ Bxd8 22. f4 Bd7 23. Bd4 b6 24. Bc6 Bxc6 25. Rxc6 Kf7 26. b4 Rb7
27. b5 Rc7 28. Rxc7+ Bxc7 29. e4 e5 30. Be3 exf4 31. gxf4 g6 32. Kf2 g5 33.
fxg5 Bxh2 34. Kf3 fxg5 35. Bxg5 Ke6 36. Bd2 Ke5 37. Bc3+ Kd6 38. Bb4+ Ke5 39.
Bc3+ Kd6 40. Bb4+ Ke5 41. Bc3+ 1/2-1/2

[Event "Kandidatklassen 2002"]
[Site "Greve"]
[Date "2002.03.31"]
[Round "6"]
[White "Nielsen, Anders Bodholt"]
[Black "Pedersen, Dimon Poul"]
[Result "1/2-1/2"]
[WhiteElo "2209"]
[BlackElo "2062"]
[PlyCount "33"]
[EventDate "2002.??.??"]

1. Nf3 Nf6 2. g3 g6 3. Bg2 Bg7 4. d4 d5 5. O-O O-O 6. b3 c5 7. Bb2 cxd4 8. Nbd2
Nc6 9. Nxd4 Qc7 10. Nxc6 bxc6 11. c4 Bf5 12. Rc1 Qa5 13. a3 Rac8 14. b4 Qa6 15.
Qb3 Rfd8 16. Rfd1 Be6 17. cxd5 1/2-1/2

[Event "Kandidatklassen 2002"]
[Site "Greve"]
[Date "2002.04.01"]
[Round "7"]
[White "Palo, Davor"]
[Black "Rasmussen, Allan Stig"]
[Result "1/2-1/2"]
[WhiteElo "2337"]
[BlackElo "2311"]
[PlyCount "24"]
[EventDate "2002.??.??"]

1. e4 e5 2. Nf3 Nc6 3. Bb5 a6 4. Ba4 Nf6 5. O-O b5 6. Bb3 Be7 7. Re1 O-O 8. c3
d6 9. h3 Na5 10. Bc2 c5 11. d4 Qc7 12. Nbd2 cxd4 1/2-1/2